[Event "4NCL Division 1a"]
[Site "Daventry, ENG"]
[Date "2020.02.29"]
[Round "1.11"]
[White "McShane, Luke J"]
[Black "Kantans, Toms"]
[Result "1-0"]
[WhiteElo "2680"]
[BlackElo "2499"]
[PlyCount "137"]
[EventDate "2020.02.29"]
[WhiteTeam "Guildford 1"]
[BlackTeam "Celtic Tigers 1"]

1. e4 c5 2. Nf3 e6 3. d3 Nc6 4. g3 d5 5. Qe2 Be7 6. Bg2 Nf6 7. O-O O-O 8. e5
Nd7 9. c4 b5 10. cxd5 exd5 11. Nc3 Nb6 12. Nxb5 a6 13. Na3 Bg4 14. Nc2 Qd7 15.
Re1 Rfe8 16. Qf1 Bd8 17. Bf4 Bc7 18. Rad1 Na4 19. Ne3 Be6 20. Rb1 h6 21. h4
Rab8 22. Re2 Nb4 23. d4 c4 24. Ra1 Bb6 25. Rd2 Rec8 26. h5 Nd3 27. b3 Nab2 28.
Rb1 Nxf4 29. gxf4 c3 30. Rc2 Bf5 31. Nxf5 Qxf5 32. Qe2 Qxf4 33. Qe3 Qe4 34.
Qxe4 dxe4 35. Nh4 Bxd4 36. Nf5 Rd8 37. Bxe4 Nc4 38. Re1 Nd2 39. Ne7+ Kf8 40.
Nc6 Rbc8 41. Nxd8 Rxd8 42. Kg2 Bxe5 43. Bc6 Bd4 44. b4 g6 45. hxg6 Rd6 46. Re8+
Kg7 47. gxf7 Kxf7 48. Rc8 Ke7 49. a4 Rf6 50. f3 Rg6+ 51. Kh3 Rg1 52. f4 Rb1 53.
b5 axb5 54. axb5 Rb2 55. Rc1 Kd6 56. Be8 Nb3 57. Re1 Na5 58. Rd1 Rd2 59. Bh5
Nb3 60. Rc6+ Ke7 61. b6 Na5 62. Re1+ Kd7 63. Rxh6 Rd3+ 64. Kg2 Rd2+ 65. Kh3
Rd3+ 66. Kg2 Rd2+ 67. Kf3 c2 68. Bg4+ Kd8 69. Rd6# 1-0

[Event "4NCL Division 1a"]
[Site "Daventry, ENG"]
[Date "2020.02.29"]
[Round "1.12"]
[White "Reimanis, Ritvars"]
[Black "Jones, Gawain C B"]
[Result "1/2-1/2"]
[WhiteElo "2375"]
[BlackElo "2681"]
[PlyCount "69"]
[EventDate "2020.02.29"]
[WhiteTeam "Celtic Tigers 1"]
[BlackTeam "Guildford 1"]

1. d4 Nf6 2. c4 g6 3. Nc3 d5 4. Bf4 Bg7 5. e3 c5 6. cxd5 Nxd5 7. Bxb8 Rxb8 8.
Bb5+ Bd7 9. Qa4 O-O 10. Bxd7 Nb6 11. Qxa7 Nxd7 12. Nge2 Qc7 13. O-O Ra8 14. Nd5
Qd6 15. Qxb7 Rfb8 16. Qc6 Qxc6 17. Nxe7+ Kf8 18. Nxc6 Rxb2 19. Nf4 Ra6 20. Nd3
Rd2 21. Nce5 Bxe5 22. Nxe5 Nxe5 23. dxe5 Ra4 24. f4 Rd3 25. Kf2 g5 26. fxg5 Rd5
27. e6 fxe6 28. Ke2+ Ke7 29. Rf4 Ra3 30. Rh4 Rxg5 31. Rxh7+ Kd6 32. Kf3 Rf5+
33. Ke2 Rg5 34. Kf3 Rf5+ 35. Ke2 1/2-1/2

[Event "4NCL Division 1a"]
[Site "Daventry, ENG"]
[Date "2020.02.29"]
[Round "1.13"]
[White "Howell, David W L"]
[Black "Kvetny, Mark"]
[Result "1-0"]
[WhiteElo "2665"]
[BlackElo "2420"]
[PlyCount "79"]
[EventDate "2020.02.29"]
[WhiteTeam "Guildford 1"]
[BlackTeam "Celtic Tigers 1"]

1. Nf3 d5 2. g3 Nf6 3. Bg2 c5 4. O-O g6 5. d4 cxd4 6. Nxd4 Bg7 7. Nc3 e5 8. Nb3
d4 9. Na4 O-O 10. c3 Qe8 11. Nac5 Nc6 12. cxd4 exd4 13. Bg5 h6 14. Bxf6 Bxf6
15. Rc1 Bg5 16. Rc4 Bg4 17. Re1 b5 18. Rxd4 Nxd4 19. Qxd4 h5 20. Bxa8 Qxa8 21.
Ne4 Rd8 22. Nf6+ Bxf6 23. Qxf6 Bxe2 24. Nd4 Bc4 25. Nc6 Re8 26. Ne7+ Kh7 27. b3
Bd5 28. Re5 Rxe7 29. Rxe7 Qc8 30. Rxf7+ Bxf7 31. Qxf7+ Kh6 32. Qf4+ Kh7 33.
Qf7+ Kh6 34. Qxa7 Qc1+ 35. Kg2 Qc2 36. Qe3+ Kh7 37. Qe7+ Kh6 38. Qe8 Qxa2 39.
Qh8+ Kg5 40. Qf8 1-0

[Event "4NCL Division 1a"]
[Site "Daventry, ENG"]
[Date "2020.02.29"]
[Round "1.14"]
[White "Sieciechowicz, Marcin"]
[Black "Edouard, Romain"]
[Result "0-1"]
[WhiteElo "2377"]
[BlackElo "2645"]
[PlyCount "104"]
[EventDate "2020.02.29"]
[WhiteTeam "Celtic Tigers 1"]
[BlackTeam "Guildford 1"]

1. d4 f5 2. Bg5 g6 3. Nc3 Bg7 4. h4 h6 5. Bf4 Nf6 6. e3 d6 7. Qf3 e6 8. Bc4 Qe7
9. O-O-O Nc6 10. Nh3 Bd7 11. Bh2 Qf7 12. Qe2 O-O-O 13. f3 Nd5 14. Bxd5 exd5 15.
Nf4 Ne7 16. g4 Bf6 17. h5 g5 18. Nd3 Rhe8 19. Rde1 Bg7 20. Qg2 f4 21. exf4 Bxd4
22. Nd1 Bb5 23. fxg5 hxg5 24. Rhf1 Nc6 25. Rxe8 Rxe8 26. Qd2 Ne5 27. Nxe5 dxe5
28. Re1 Qxf3 29. Qxg5 Be2 30. Qd2 Bxd1 31. Qxd1 Be3+ 32. Kb1 Qxd1+ 33. Rxd1 d4
34. c3 c5 35. cxd4 cxd4 36. Kc2 e4 37. Bg1 d3+ 38. Kc3 Bg5 39. Bd4 Re7 40. Rh1
d2 41. Kc2 e3 42. Bc3 Re6 43. Kd3 Re7 44. a3 Rd7+ 45. Ke2 Rf7 46. Kd3 Rf2 47.
h6 Bxh6 48. Kc2 e2 49. Bxd2 e1=Q 50. Rxe1 Rxd2+ 51. Kb1 Bg7 52. Re8+ Kd7 0-1

[Event "4NCL Division 1a"]
[Site "Daventry, ENG"]
[Date "2020.02.29"]
[Round "1.15"]
[White "Pert, Nicholas"]
[Black "Melaugh, Shane"]
[Result "1/2-1/2"]
[WhiteElo "2549"]
[BlackElo "2180"]
[PlyCount "148"]
[EventDate "2020.02.29"]
[WhiteTeam "Guildford 1"]
[BlackTeam "Celtic Tigers 1"]

1. d4 e6 2. c4 f5 3. g3 Nf6 4. Bg2 Be7 5. Nf3 O-O 6. O-O d6 7. Nc3 Ne4 8. Nxe4
fxe4 9. Nd2 d5 10. f3 Nc6 11. fxe4 Rxf1+ 12. Kxf1 dxc4 13. Nf3 Bd7 14. Be3 Be8
15. Bh3 Bf7 16. Qc1 b5 17. b3 Na5 18. Rb1 a6 19. Ne5 cxb3 20. Nxf7 Kxf7 21.
axb3 Qd6 22. e5 Qd7 23. d5 Qxd5 24. Bg2 Qd8 25. Bxa8 Qxa8 26. Qxc7 Qe4 27. Rd1
Qxe3 28. Rd7 Qg5 29. Qxa5 Qxe5 30. Qc7 Qf6+ 31. Qf4 Qxf4+ 32. gxf4 Kf6 33. Ra7
Bd6 34. Rxa6 Bxf4 35. Kg2 b4 36. Rb6 Bd2 37. Kf3 h5 38. Rb5 g6 39. Ke4 Bc3 40.
h3 Be1 41. Rb8 Bc3 42. Rf8+ Ke7 43. Rf1 Bf6 44. Kd3 Bc3 45. Kc4 Bd2 46. e4 Bc3
47. Kc5 g5 48. Rf3 Be1 49. Rf1 Bc3 50. Rf2 Be1 51. Rf3 Bc3 52. Rf1 Bd2 53. e5
Be3+ 54. Kc4 g4 55. hxg4 hxg4 56. Kd3 Bc5 57. Rc1 Bb6 58. Ke4 g3 59. Kf3 Bd4
60. Re1 Bf2 61. Re4 Kd7 62. Rc4 Be1 63. Rd4+ Ke7 64. Re4 Bc3 65. Kxg3 Kd7 66.
Kf3 Kc6 67. Ke3 Kc5 68. Ke2 Kc6 69. Kf2 Kd5 70. Ke3 Kc5 71. Kf4 Bd2+ 72. Kg4
Kd5 73. Kf3 Bc3 74. Ke3 Kc5 1/2-1/2

[Event "4NCL Division 1a"]
[Site "Daventry, ENG"]
[Date "2020.02.29"]
[Round "1.16"]
[White "Skulte, Christopher"]
[Black "Lamard, Guillaume"]
[Result "1-0"]
[WhiteElo "2177"]
[BlackElo "2472"]
[PlyCount "113"]
[EventDate "2020.02.29"]
[WhiteTeam "Celtic Tigers 1"]
[BlackTeam "Guildford 1"]

1. e4 c5 2. Nf3 d6 3. Nc3 Nf6 4. e5 dxe5 5. Nxe5 a6 6. a4 e6 7. Nc4 Bd7 8. Be2
Bc6 9. Bf3 Bd6 10. Nxd6+ Qxd6 11. O-O O-O 12. b3 Bxf3 13. Qxf3 Nc6 14. d3 Nd4
15. Qd1 Qc6 16. Re1 b6 17. Bf4 Nd5 18. Nxd5 Qxd5 19. Re5 Qd7 20. Qd2 a5 21.
Rae1 Rad8 22. Bg3 Qc6 23. f4 Qc8 24. Bf2 Nc6 25. Rg5 Ne7 26. Rge5 Ng6 27. R5e4
Rd5 28. Qe2 f5 29. Rxe6 Qc7 30. g3 Rdd8 31. Qf3 Rd6 32. h4 Rfd8 33. Re8+ Nf8
34. R1e7 R6d7 35. Re5 Rxe8 36. Rxe8 Rd8 37. Rxd8 Qxd8 38. Qc6 Kf7 39. Kg2 Ng6
40. Kh2 Ne7 41. Qb7 Qd6 42. Qf3 Kg6 43. Qe3 Nd5 44. Qe8+ Kh6 45. Qe5 Qd7 46. g4
Nb4 47. gxf5 Nd5 48. Qe6+ Qxe6 49. fxe6 Kg6 50. d4 Nxf4 51. dxc5 bxc5 52. Bxc5
Nxe6 53. Bb6 Kh5 54. b4 Nf4 55. Bxa5 Kxh4 56. Bd8+ Kg4 57. a5 1-0

[Event "4NCL Division 1a"]
[Site "Daventry, ENG"]
[Date "2020.02.29"]
[Round "1.17"]
[White "Socko, Monika"]
[Black "Quinn, John M"]
[Result "1-0"]
[WhiteElo "2419"]
[BlackElo "2123"]
[PlyCount "65"]
[EventDate "2020.02.29"]
[WhiteTeam "Guildford 1"]
[BlackTeam "Celtic Tigers 1"]

1. d4 Nf6 2. c4 g6 3. Nf3 Bg7 4. g3 O-O 5. Bg2 d6 6. O-O Nbd7 7. Qc2 e5 8. Rd1
Re8 9. Nc3 c6 10. b3 e4 11. Ng5 d5 12. cxd5 cxd5 13. Nb5 h6 14. Nc7 hxg5 15.
Nxa8 Re6 16. Qc7 Qe8 17. Bxg5 Rc6 18. Qa5 a6 19. Rac1 b6 20. Qa4 b5 21. Qa5 Nf8
22. Nc7 Rxc1 23. Rxc1 Qd8 24. Qb6 Bg4 25. Nxd5 Qxd5 26. Bxf6 Bxe2 27. Bxg7 Kxg7
28. Qc5 Qe6 29. d5 Qe5 30. d6 Kf6 31. Qc8 Ne6 32. Qh8+ Ng7 33. d7 1-0

[Event "4NCL Division 1a"]
[Site "Daventry, ENG"]
[Date "2020.02.29"]
[Round "1.18"]
[White "Dwilewicz, Katarzyna"]
[Black "Zhou, Yang-Fan"]
[Result "0-1"]
[WhiteElo "2102"]
[BlackElo "2442"]
[PlyCount "84"]
[EventDate "2020.02.29"]
[WhiteTeam "Celtic Tigers 1"]
[BlackTeam "Guildford 1"]

1. e4 c5 2. Nf3 Nc6 3. d4 cxd4 4. Nxd4 e5 5. Nb5 d6 6. N1c3 a6 7. Na3 b5 8. Nd5
Nge7 9. c4 Nxd5 10. exd5 Nd4 11. cxb5 Bd7 12. Be3 axb5 13. Bxd4 exd4 14. Bd3
Qa5+ 15. Qd2 Be7 16. Qxa5 Rxa5 17. Nc2 Kd8 18. f4 Kc7 19. Kd2 Bf6 20. a3 Kb6
21. g3 Raa8 22. Nb4 h5 23. h4 Rhe8 24. Nc2 Kc5 25. Rac1 Kb6 26. Rhe1 g6 27. Rf1
Rac8 28. Rfe1 Bg4 29. Rxe8 Rxe8 30. Nb4 Bd7 31. Nc2 Bc8 32. Nb4 Bb7 33. b3 Ra8
34. Ra1 Rc8 35. a4 Rc3 36. a5+ Kc5 37. a6 Ba8 38. Nc2 Rxb3 39. Re1 Kb6 40. Re8
Bxd5 41. Rb8+ Kxa6 42. Bxb5+ Ka7 0-1

[Event "4NCL Division 1a"]
[Site "Daventry, ENG"]
[Date "2020.02.29"]
[Round "1.21"]
[White "Gordon, Stephen J"]
[Black "Schneider, Dmitry"]
[Result "1-0"]
[WhiteElo "2503"]
[BlackElo "2461"]
[PlyCount "71"]
[EventDate "2020.02.29"]
[WhiteTeam "3Cs 1"]
[BlackTeam "Chessable White Rose 1"]

1. c4 e6 2. g3 d5 3. Bg2 Nf6 4. Nf3 c5 5. O-O Nc6 6. d4 Be7 7. dxc5 Bxc5 8. a3
a6 9. b4 Ba7 10. Bb2 O-O 11. Nbd2 Re8 12. e3 b5 13. cxd5 exd5 14. Rc1 Qd6 15.
Nb3 Ne4 16. Nfd4 Nd8 17. Rxc8 Rxc8 18. Qg4 Rc3 19. Bxc3 Nxc3 20. Rc1 Ne4 21.
Bxe4 Rxe4 22. Qxg7+ Kxg7 23. Nf5+ Kf6 24. Nxd6 Re6 25. Nc8 Bb8 26. Nd4 Re8 27.
Nb6 Ba7 28. Nxd5+ Ke5 29. Nc7 Re7 30. Nc6+ Nxc6 31. Rxc6 Rd7 32. Nxa6 Rd3 33.
Nc7 Rxa3 34. Nxb5 Ra1+ 35. Kg2 Kd5 36. Nxa7 1-0

[Event "4NCL Division 1a"]
[Site "Daventry, ENG"]
[Date "2020.02.29"]
[Round "1.23"]
[White "Abbas, Daniel"]
[Black "Palliser, Richard J D"]
[Result "0-1"]
[WhiteElo "2312"]
[BlackElo "2402"]
[PlyCount "64"]
[EventDate "2020.02.29"]
[WhiteTeam "3Cs 1"]
[BlackTeam "Chessable White Rose 1"]

1. e4 c5 2. Nf3 d6 3. Bb5+ Bd7 4. Bxd7+ Qxd7 5. O-O Nf6 6. Qe2 Nc6 7. c3 e6 8.
d4 cxd4 9. cxd4 d5 10. e5 Ne4 11. Be3 Be7 12. Ne1 f6 13. Nd3 O-O 14. f3 Ng5 15.
Nd2 Rac8 16. Rac1 b6 17. Rfd1 fxe5 18. dxe5 Nf7 19. f4 Nh6 20. Kh1 d4 21. Bf2
Qd5 22. Qe4 Ng4 23. Qxd5 exd5 24. Kg1 Nb4 25. Rxc8 Rxc8 26. Rc1 Rf8 27. Nxb4
Bxb4 28. Nf3 d3 29. g3 d2 30. Rd1 Rc8 31. Nxd2 Rc2 32. Be1 Ne3 0-1

[Event "4NCL Division 1a"]
[Site "Daventry, ENG"]
[Date "2020.02.29"]
[Round "1.24"]
[White "Camacho Collados, Jose"]
[Black "Horton, Jamie A"]
[Result "1/2-1/2"]
[WhiteElo "2413"]
[BlackElo "2209"]
[PlyCount "99"]
[EventDate "2020.02.29"]
[WhiteTeam "Chessable White Rose 1"]
[BlackTeam "3Cs 1"]

1. Nf3 d5 2. g3 Nf6 3. Bg2 e6 4. O-O Be7 5. d4 O-O 6. c4 dxc4 7. a4 Bd7 8. Qc2
Bc6 9. Qxc4 Bd5 10. Qd3 c5 11. Nc3 Bc6 12. e4 cxd4 13. Qxd4 Na6 14. Rd1 Qa5 15.
Bd2 Qc5 16. Rac1 Qb6 17. Qxb6 axb6 18. Nd4 Nc5 19. b4 Nxa4 20. Nxc6 bxc6 21.
Nxa4 Rxa4 22. Rxc6 Rd8 23. Rcc1 h5 24. Bc3 Rxd1+ 25. Rxd1 Ra3 26. Bd4 Bxb4 27.
Bxb6 e5 28. h3 Bc3 29. Rd3 Bb2 30. Rd8+ Kh7 31. Be3 Ra4 32. Bf3 Bd4 33. Bxd4
Rxd4 34. Rxd4 exd4 35. Kf1 g6 36. Ke2 Nd7 37. Bg2 Nc5 38. f4 f6 39. Bf3 Kg7 40.
f5 g5 41. Bxh5 Nxe4 42. Kd3 Nxg3 43. Bg4 Kh6 44. Kxd4 Nh5 45. Kd5 Nf4+ 46. Kd6
Kg7 47. Ke7 Nd5+ 48. Ke6 Nf4+ 49. Ke7 Nd5+ 50. Ke6 1/2-1/2

[Event "4NCL Division 1a"]
[Site "Daventry, ENG"]
[Date "2020.02.29"]
[Round "1.25"]
[White "Spence, David J"]
[Black "Adair, James R"]
[Result "0-1"]
[WhiteElo "2215"]
[BlackElo "2451"]
[PlyCount "65"]
[EventDate "2020.02.29"]
[WhiteTeam "3Cs 1"]
[BlackTeam "Chessable White Rose 1"]

1. e4 e5 2. Nf3 Nc6 3. Bc4 Bc5 4. c3 Nf6 5. d3 O-O 6. O-O d6 7. a4 a5 8. Bg5 h6
9. Bh4 g5 10. Bg3 Kg7 11. Re1 g4 12. Nh4 Nh5 13. Na3 Qf6 14. Qd2 Qg5 15. Red1
Ne7 16. Nc2 Nf6 17. Qe1 Ng6 18. Nxg6 fxg6 19. d4 Ba7 20. Kh1 exd4 21. cxd4 Re8
22. f4 gxf3 23. gxf3 d5 24. f4 Qh5 25. Be2 Bg4 26. Bxg4 Qxg4 27. e5 Ne4 28. Ra3
c6 29. Ne3 Qh3 30. f5 gxf5 31. Ng2 Kh7 32. Qxa5 Bc5 33. e6 0-1

[Event "4NCL Division 1a"]
[Site "Daventry, ENG"]
[Date "2020.02.29"]
[Round "1.26"]
[White "Chow, Samuel"]
[Black "Clarke, Stuart W"]
[Result "1-0"]
[WhiteElo "2326"]
[BlackElo "2190"]
[PlyCount "69"]
[EventDate "2020.02.29"]
[WhiteTeam "Chessable White Rose 1"]
[BlackTeam "3Cs 1"]

1. Nf3 Nf6 2. g3 b6 3. Bg2 Bb7 4. O-O e6 5. c4 Be7 6. d4 O-O 7. d5 exd5 8. Nd4
Nc6 9. cxd5 Nxd4 10. Qxd4 c5 11. Qd3 d6 12. Nc3 Re8 13. Bf4 Nh5 14. Bd2 g6 15.
Rad1 Bf6 16. g4 Ng7 17. Ne4 a5 18. Bc3 Be5 19. g5 Ba6 20. Qd2 Nh5 21. Bxe5 Rxe5
22. f4 Re8 23. Rf2 f5 24. gxf6 Nxf6 25. Nxf6+ Qxf6 26. e4 Ra7 27. Re1 Rae7 28.
e5 Qf5 29. Be4 Qg4+ 30. Rg2 Qh4 31. e6 Rg7 32. Kh1 Rf8 33. f5 Rf6 34. Qc3 Kf8
35. Rg4 1-0

[Event "4NCL Division 1a"]
[Site "Daventry, ENG"]
[Date "2020.02.29"]
[Round "1.28"]
[White "Sucikova, Svetlana"]
[Black "Zhu, Yaoyao"]
[Result "1-0"]
[WhiteElo "2160"]
[BlackElo "1997"]
[PlyCount "85"]
[EventDate "2020.02.29"]
[WhiteTeam "Chessable White Rose 1"]
[BlackTeam "3Cs 1"]

1. d4 Nf6 2. Nf3 g6 3. c4 Bg7 4. Nc3 O-O 5. e4 d6 6. Be2 e5 7. h3 Nc6 8. d5 Ne7
9. Bg5 h6 10. Be3 Nd7 11. Nd2 f5 12. f3 f4 13. Bf2 a5 14. a3 b6 15. b4 Nf6 16.
c5 axb4 17. axb4 Rxa1 18. Qxa1 bxc5 19. bxc5 dxc5 20. Nc4 Nd7 21. O-O Rf6 22.
Rd1 Kh7 23. Qa5 Ra6 24. Qb5 c6 25. dxc6 Nxc6 26. Bxc5 Nd4 27. Bxd4 exd4 28. Nd5
Ra2 29. Bf1 Qh4 30. Qc6 Ba6 31. e5 Qf2+ 32. Kh1 Bxc4 33. Qxd7 Bxd5 34. Qxd5 Rd2
35. Rb1 d3 36. e6 Re2 37. Bxe2 dxe2 38. Qe4 Qf1+ 39. Kh2 h5 40. Rxf1 exf1=Q 41.
e7 Bd4 42. Qxd4 Qe1 43. Qe4 1-0

[Event "4NCL Division 1a"]
[Site "Daventry, ENG"]
[Date "2020.02.29"]
[Round "1.31"]
[White "Haria, Ravi"]
[Black "Macklin, Paul"]
[Result "1/2-1/2"]
[WhiteElo "2453"]
[BlackElo "2347"]
[PlyCount "104"]
[EventDate "2020.02.29"]
[WhiteTeam "Wood Green"]
[BlackTeam "Spirit of Atticus A"]

1. e4 d6 2. d4 Nf6 3. Nc3 g6 4. Be3 c6 5. Nf3 Bg7 6. Qd2 Qa5 7. h3 Nbd7 8. Bd3
e5 9. dxe5 dxe5 10. O-O Qc7 11. a4 a5 12. Bc4 O-O 13. Rfd1 Re8 14. Ng5 Re7 15.
Ra3 h6 16. Nf3 Kh7 17. Rb3 Ne8 18. Ne2 b6 19. Ng3 Ba6 20. Bxa6 Rxa6 21. h4 Ra7
22. h5 Re6 23. Rd3 Nef6 24. Nh4 Nc5 25. Bxc5 bxc5 26. Qe2 Qe7 27. Qf3 c4 28.
R3d2 Rb7 29. c3 c5 30. hxg6+ fxg6 31. Nf1 Reb6 32. Ne3 Qe6 33. g3 Rf7 34. Qg2
h5 35. Nd5 Rc6 36. Re2 Bh6 37. Nf3 Rb7 38. Nh2 Rc8 39. Nf1 Rcb8 40. f3 Kg7 41.
Nfe3 Qc6 42. Ra1 Nxd5 43. Nxd5 Rf8 44. Rf2 Rbf7 45. Qf1 Qe6 46. Kg2 h4 47. gxh4
Rxf3 48. Rxf3 Qg4+ 49. Rg3 Qxe4+ 50. Rf3 Qg4+ 51. Rg3 Qe4+ 52. Rf3 Qg4+ 1/2-1/2

[Event "4NCL Division 1a"]
[Site "Daventry, ENG"]
[Date "2020.02.29"]
[Round "1.32"]
[White "Lund, D Brett"]
[Black "Tan, Justin"]
[Result "1/2-1/2"]
[WhiteElo "2274"]
[BlackElo "2511"]
[PlyCount "99"]
[EventDate "2020.02.29"]
[WhiteTeam "Spirit of Atticus A"]
[BlackTeam "Wood Green"]

1. c4 c5 2. g3 Nc6 3. Bg2 g6 4. Nc3 Bg7 5. e4 d6 6. Nge2 Nf6 7. O-O O-O 8. d3
Bd7 9. h3 Qc8 10. Kh2 Ne8 11. Be3 Nc7 12. d4 cxd4 13. Nxd4 Ne6 14. Nde2 Nc5 15.
b3 Kh8 16. f4 b6 17. Qd2 f5 18. exf5 gxf5 19. Rad1 Qe8 20. Nd4 Rd8 21. Rfe1 Nb4
22. Ndb5 Qf7 23. Bd4 Rg8 24. Nd5 Nxd5 25. Bxd5 e6 26. Nxd6 Qg6 27. Bg2 e5 28.
Rxe5 Qxd6 29. Rd5 Qg6 30. Bxc5 bxc5 31. Rxd7 Bd4 32. Rxd8 Qxg3+ 33. Kh1 Rxd8
34. Qd3 Qg6 35. Re1 Qf6 36. Bd5 Qh4 37. Rf1 Rf8 38. Qf3 Re8 39. Qg2 h5 40. Bf7
Rf8 41. Be6 Be3 42. Qf3 Bd4 43. Kh2 Kh7 44. Qg3 Qf6 45. Re1 h4 46. Qf3 Qg6 47.
Qg2 Qh6 48. Qf3 Qg6 49. Qg2 Qh6 50. Qf3 1/2-1/2

[Event "4NCL Division 1a"]
[Site "Daventry, ENG"]
[Date "2020.02.29"]
[Round "1.33"]
[White "Houska, Jovanka"]
[Black "House, Glenn L"]
[Result "1-0"]
[WhiteElo "2410"]
[BlackElo "2227"]
[PlyCount "79"]
[EventDate "2020.02.29"]
[WhiteTeam "Wood Green"]
[BlackTeam "Spirit of Atticus A"]

1. d4 Nf6 2. Nf3 g6 3. Nbd2 Bg7 4. e4 d6 5. Bb5+ c6 6. Bd3 O-O 7. O-O Bg4 8. h3
Bxf3 9. Nxf3 Nfd7 10. Bg5 c5 11. c3 cxd4 12. cxd4 Nc6 13. Be3 e5 14. d5 Nd4 15.
Rc1 Qb6 16. Nd2 Nc5 17. Nc4 Qd8 18. Bb1 b5 19. Nxe5 dxe5 20. Rxc5 Qb6 21. Rc1
Rac8 22. Bd3 b4 23. Qa4 a5 24. Qd7 Rcd8 25. Qa4 Qf6 26. Rc5 Qh4 27. Bxd4 exd4
28. Qd1 a4 29. Qxa4 f5 30. exf5 gxf5 31. Qd1 Kh8 32. Qf3 Be5 33. Re1 Bd6 34.
Rc6 Bb8 35. Ree6 Qf4 36. Qxf4 Bxf4 37. g3 Bb8 38. Re7 Rxd5 39. Rh6 Rc8 40.
Rhxh7+ 1-0

[Event "4NCL Division 1a"]
[Site "Daventry, ENG"]
[Date "2020.02.29"]
[Round "1.34"]
[White "Ivell, Nicholas W"]
[Black "Harvey, Marcus R"]
[Result "0-1"]
[WhiteElo "2171"]
[BlackElo "2435"]
[PlyCount "108"]
[EventDate "2020.02.29"]
[WhiteTeam "Spirit of Atticus A"]
[BlackTeam "Wood Green"]

1. e4 e6 2. d4 d5 3. exd5 exd5 4. Nf3 Bd6 5. c4 Nf6 6. c5 Be7 7. Bd3 O-O 8. h3
b6 9. cxb6 axb6 10. O-O c5 11. Nc3 Nc6 12. Re1 h6 13. Bf4 c4 14. Bb1 Ra5 15.
Qd2 Ne4 16. Nxe4 dxe4 17. Bxe4 Bb4 18. Qe3 Bxe1 19. Rxe1 Ne7 20. Bb1 Bf5 21.
Qxe7 Qxe7 22. Rxe7 Bxb1 23. a3 Rb5 24. Bc1 Bf5 25. Re5 Rxe5 26. Nxe5 Rc8 27.
Bd2 f6 28. Nf3 Be4 29. Nh2 Rd8 30. Bc3 f5 31. Nf1 f4 32. Nd2 Bd5 33. f3 Re8 34.
Kf2 Kf7 35. Bb4 Re3 36. Bc3 g5 37. Nf1 Re8 38. Nd2 Kg6 39. Nf1 h5 40. Nd2 Kf5
41. Nf1 Rh8 42. Nh2 Rh7 43. Bd2 Bc6 44. Kf1 Ba4 45. Kf2 Bc2 46. Bc3 Bd3 47. Nf1
Re7 48. Nd2 Re2+ 49. Kg1 Ke6 50. Bb4 Kd5 51. Bc3 Re8 52. Kf2 b5 53. Kg1 Re1+
54. Kf2 Rh1 0-1

[Event "4NCL Division 1a"]
[Site "Daventry, ENG"]
[Date "2020.02.29"]
[Round "1.35"]
[White "McPhillips, Joseph"]
[Black "Mitchell, Martin"]
[Result "1-0"]
[WhiteElo "2443"]
[BlackElo "2194"]
[PlyCount "97"]
[EventDate "2020.02.29"]
[WhiteTeam "Wood Green"]
[BlackTeam "Spirit of Atticus A"]

1. c4 Nf6 2. Nc3 e6 3. e4 d5 4. cxd5 exd5 5. e5 d4 6. exf6 dxc3 7. Bb5+ c6 8.
Qe2+ Be6 9. Bc4 Qxf6 10. dxc3 Bc5 11. Nf3 O-O 12. Bxe6 Qxe6 13. Qxe6 fxe6 14.
O-O Nd7 15. Bg5 Nf6 16. Rfe1 Rfe8 17. Rad1 Re7 18. Ne5 Bb6 19. a4 Rf8 20. Re2
Ree8 21. h3 Nd5 22. c4 Nf4 23. Bxf4 Rxf4 24. Rd7 Ref8 25. Nf3 Rxc4 26. Rxe6 Bd8
27. Rxb7 Rxa4 28. Rxc6 Ra2 29. Re6 Bf6 30. Ne5 Rc8 31. f4 h5 32. Kh2 Rc2 33.
Rb8+ Kh7 34. Ree8 Bxe5 35. Rxe5 Rcxb2 36. Rxh5+ Kg6 37. Rg5+ Kh7 38. Rf8 Rb6
39. f5 Rf6 40. Rc8 g6 41. fxg6+ Rxg6 42. Rxg6 Kxg6 43. Rc6+ Kg7 44. h4 a5 45.
Ra6 a4 46. Kh3 a3 47. g4 Ra1 48. g5 Kg8 49. Ra7 1-0

[Event "4NCL Division 1a"]
[Site "Daventry, ENG"]
[Date "2020.02.29"]
[Round "1.36"]
[White "Carleton, John J"]
[Black "Greet, Andrew N"]
[Result "0-1"]
[WhiteElo "2221"]
[BlackElo "2419"]
[PlyCount "76"]
[EventDate "2020.02.29"]
[WhiteTeam "Spirit of Atticus A"]
[BlackTeam "Wood Green"]

1. d4 Nf6 2. Nf3 e6 3. c4 b6 4. g3 Ba6 5. b3 b5 6. cxb5 Bxb5 7. Bg2 Bb4+ 8. Bd2
a5 9. O-O O-O 10. Nc3 Ba6 11. Re1 d5 12. a3 Be7 13. Ne5 Nfd7 14. Nxd7 Nxd7 15.
e4 dxe4 16. Nxe4 Bb7 17. Qc2 Bd5 18. b4 axb4 19. axb4 c6 20. Nc5 Nb6 21. Bf1
Bf6 22. Be3 Rxa1 23. Rxa1 Bf3 24. Qd2 Qd5 25. Ra6 Nc4 26. Qd3 Nxe3 27. fxe3 h5
28. Ra7 h4 29. Nd7 hxg3 30. hxg3 Rd8 31. Nxf6+ gxf6 32. Ra5 Qd6 33. Kf2 Qxb4
34. Qa3 Qb1 35. Qe7 Rb8 36. g4 Rb2+ 37. Kg3 Qe1+ 38. Kf4 Qxa5 0-1

[Event "4NCL Division 1a"]
[Site "Daventry, ENG"]
[Date "2020.02.29"]
[Round "1.37"]
[White "McDonald, Neil"]
[Black "Jackson, Sheila"]
[Result "1-0"]
[WhiteElo "2410"]
[BlackElo "2090"]
[PlyCount "43"]
[EventDate "2020.02.29"]
[WhiteTeam "Wood Green"]
[BlackTeam "Spirit of Atticus A"]

1. e4 e5 2. f4 d5 3. exd5 exf4 4. Nf3 Bd6 5. Nc3 Ne7 6. Bc4 a6 7. O-O h6 8. d4
Nd7 9. Ne4 Nb6 10. Bb3 Ng6 11. c4 Be7 12. Ne5 Nxe5 13. dxe5 g5 14. c5 Bf5 15.
cxb6 Bxe4 16. Qd4 Bg6 17. bxc7 Qxc7 18. d6 O-O-O 19. Bxf4 gxf4 20. Rac1 Qxc1
21. Rxc1+ Kb8 22. Rc7 1-0

[Event "4NCL Division 1a"]
[Site "Daventry, ENG"]
[Date "2020.02.29"]
[Round "1.41"]
[White "Chopra, Tanmay"]
[Black "Turner, Matthew J"]
[Result "1/2-1/2"]
[WhiteElo "2279"]
[BlackElo "2516"]
[PlyCount "103"]
[EventDate "2020.02.29"]
[WhiteTeam "Cambridge University 1"]
[BlackTeam "Barbican 4NCL 1"]

1. d4 d5 2. c4 c6 3. cxd5 cxd5 4. Bf4 Nc6 5. e3 Nf6 6. Nc3 a6 7. Bd3 Bg4 8.
Nge2 e6 9. O-O Bd6 10. Bxd6 Qxd6 11. Qd2 Bxe2 12. Qxe2 O-O 13. Rac1 Rac8 14.
Na4 Nd7 15. Qd2 Qb4 16. Qxb4 Nxb4 17. Bb1 b5 18. Nc3 Nb6 19. b3 g6 20. Ne2 Kg7
21. Rxc8 Rxc8 22. Rc1 Rxc1+ 23. Nxc1 Kf6 24. f4 Ke7 25. Nd3 Nxd3 26. Bxd3 Nc8
27. Kf2 Nd6 28. Ke2 a5 29. g4 f6 30. h4 b4 31. g5 Kf7 32. Kf3 Kg7 33. Kg3 h6
34. gxf6+ Kxf6 35. Kg4 Nf7 36. Bf1 g5 37. hxg5+ hxg5 38. fxg5+ Nxg5 39. Bd3 Nf7
40. Kf3 e5 41. Ba6 Ng5+ 42. Ke2 Ne4 43. Kd3 Ke6 44. Bc8+ Kf6 45. Bb7 Nc3 46. a4
e4+ 47. Kd2 Kg5 48. Ke1 Kh4 49. Kf2 Kg4 50. Bc8+ Kg5 51. Bb7 Kf5 52. Ke1
1/2-1/2

[Event "4NCL Division 1a"]
[Site "Daventry, ENG"]
[Date "2020.02.29"]
[Round "1.42"]
[White "Jackson, James P"]
[Black "Hill, Alistair"]
[Result "0-1"]
[WhiteElo "2395"]
[BlackElo "2188"]
[PlyCount "218"]
[EventDate "2020.02.29"]
[WhiteTeam "Barbican 4NCL 1"]
[BlackTeam "Cambridge University 1"]

1. e4 c5 2. Nf3 Nc6 3. d4 cxd4 4. Nxd4 Nf6 5. Nc3 e5 6. Ndb5 d6 7. Bg5 a6 8.
Na3 b5 9. Nd5 Be7 10. Bxf6 Bxf6 11. c3 Bg5 12. Nc2 Rb8 13. Be2 a5 14. O-O O-O
15. Qd3 Ne7 16. Nce3 Bxe3 17. Nxe7+ Qxe7 18. Qxe3 Be6 19. Rfd1 Rfc8 20. a3 h6
21. Rd2 Rc6 22. Bd3 Bb3 23. Qe2 Qb7 24. Bc2 Bc4 25. Qd1 Rd8 26. Bb3 Rb6 27. f3
d5 28. Bc2 Rbd6 29. exd5 Rxd5 30. Rxd5 Qb6+ 31. Kh1 Rxd5 32. Qe1 a4 33. Rd1 Qd6
34. Rxd5 Qxd5 35. h4 Kf8 36. Qe3 Qd6 37. Kg1 Qe7 38. Qb6 g6 39. Qe3 Kg7 40. f4
Qxh4 41. Qxe5+ Qf6 42. Qd4 Qxd4+ 43. cxd4 Kf6 44. Kf2 Ke6 45. Ke3 Kd6 46. g3
Bf1 47. Be4 Bc4 48. f5 g5 49. g4 Bf1 50. Bd3 Bxd3 51. Kxd3 Kd5 52. f6 Kd6 53.
Ke4 Ke6 54. d5+ Kxf6 55. Kd4 Ke7 56. Ke5 f6+ 57. Kf5 Kd6 58. Kxf6 Kxd5 59. Kg6
Kc4 60. Kxh6 Kb3 61. Kxg5 Kxb2 62. Kf6 Kxa3 63. g5 b4 64. g6 b3 65. g7 b2 66.
g8=Q b1=Q 67. Ke7 Qe4+ 68. Kd7 Kb2 69. Qb8+ Kc3 70. Qc7+ Qc4 71. Qa5+ Kc2 72.
Ke8 Qd4 73. Qc7+ Qc3 74. Qh2+ Kb3 75. Qb8+ Ka2 76. Qh2+ Qb2 77. Qd6 Qh8+ 78.
Ke7 Qh7+ 79. Ke8 Qg8+ 80. Ke7 Qg5+ 81. Ke8 Qe3+ 82. Kd8 a3 83. Qd5+ Kb2 84.
Qb7+ Kc2 85. Qc6+ Qc3 86. Qa4+ Kb2 87. Qb5+ Kc1 88. Ke8 a2 89. Qf1+ Kc2 90.
Qe2+ Qd2 91. Qe4+ Kd1 92. Qa4+ Ke1 93. Qh4+ Qf2 94. Qh1+ Ke2 95. Qh5+ Ke3 96.
Qc5+ Kf3 97. Qd5+ Kg3 98. Qg5+ Kh2 99. Qh5+ Kg1 100. Qg4+ Kf1 101. Qh3+ Qg2
102. Qf5+ Ke1 103. Qa5+ Qd2 104. Qa3 Qe2+ 105. Kf8 Qf2+ 106. Kg8 Qg2+ 107. Kh8
Qh1+ 108. Kg8 Qd5+ 109. Kh7 Qf7+ 0-1